120 Stopni Wschodni Południk Kraje - Statystyki

Ogólne statystyki
  • Ten quiz został rozwiązany 102 razy
  • Średni wynik to 16 z 20
Statystyki odpowiedzi
stopni kraj % Poprawnych
Rosja
98%
Chiny
94%
2.93° Japonia
94%
Indonezja
91%
5.68 Korea Poludniowa
87%
4.32° Korea Pólnocna
86%
10.54° Wietnam
86%
Australia
85%
14.36° Tajlandia
84%
0.73° Malezja
83%
12.32° Laos
82%
0.07° Mongolia
81%
Filipiny
78%
12.38° Kambodza
78%
20.34° Mjanma
76%
0.03° Tajwan
72%
15.92° Singapur
70%
4.05° Timor-Leste
69%
4.65° Brunei
61%
14.12° Palau
34%
Nie znaleziono quizów pasujących do podanych kryteriów
Rozkład punktacji
Procent ludzi z każdym wynikiem
Percentyl według liczby udzielonych odpowiedzi
Twoja historia wyników
Nie rozwiązałeś tego quizu